000 00703nam a2200253Ia 4500
003 OSt
005 20221005073014.0
006 a|||||r|||| 00| 0
007 ta
008 221004b |||||||| |||| 00| 0 eng d
020 _cIndian Rupees 1500
024 _a40187
037 _bGift, 01/10/2018,
_cTextual
040 _aCRL
_cCRL
_beng
041 _2eng
_aeng
082 _aNS44, L4
100 _aVaidyanathan Saroja Au.
_9607650
245 0 _aClassical dances of India
260 _aNew Delhi
_bGanesa Natyalaya India
_c2004
300 _a156p.
_ccm.
650 _aARTS
942 _hNS44, L4
_cTEXL
_2cc
999 _c980401
_d980401